00378nam a2200157Ia 4500008004100000020001500041082001500056100001600071245002600087250000800113260003400121300001000155500002600165650001400191700001500205230524s9999 xx 000 0 und d a0070858112 a620.1bTIM aS.Timosenko 0aEngineering Mechanics a4TH aNEW DELHIbM.C.Grawhillc1956 aX;534 aQuantity Number: 431 aMechanics a D.H.Young